Top 10 Billboard Songs of 2015 - Statistics

General Stats
  • This quiz has been taken 25 times
  • The average score is 4 of 10
Answer Stats
Hint Answer % Correct
Wiz Khalifa featuring Charlie Puth See You Again
74%
Mark Ronson featuring Bruno Mars Uptown Funk
70%
Taylor Swift Blank Space
48%
Maroon 5 Sugar
48%
Walk the Moon Shut Up and Dance
39%
Ed Sheeran Thinking Out Loud
39%
Silento Watch Me
39%
Fetty Wap Trap Queen
35%
The Weeknd The Hills
30%
The Weeknd Earned It
9%
No matching quizzes found
Score Distribution
Percent of People with Each Score
Percentile by Number Answered
Your Score History
You have not taken this quiz